Auditoría administrativa: gestión estratégica del cambio
Gespeichert in:
| 1. Verfasser: | |
|---|---|
| Format: | Buch |
| Sprache: | Spanisch |
| Veröffentlicht: |
Ciudad de México
Pearson Educación
2007
|
| Ausgabe: | 2a. ed |
| Schlagworte: | |
| Tags: |
Tag hinzufügen
Keine Tags, Fügen Sie den ersten Tag hinzu!
|
MARC
| LEADER | 00000nam a2200000 a 4500 | ||
|---|---|---|---|
| 001 | UCJ8916 | ||
| 003 | CL-VaPUC | ||
| 008 | 070126e20070000MX |||||||||||||||||spa|d | ||
| 020 | |a 9702607841 | ||
| 082 | 0 | 4 | |a 657.45 |b FRA |2 21 |
| 100 | 0 | |a Franklin F., Enrique Benjamín |e author |9 518707 | |
| 245 | 1 | 0 | |a Auditoría administrativa: gestión estratégica del cambio |
| 250 | |a 2a. ed | ||
| 300 | |a 843 p | ||
| 942 | |c BK | ||
| 945 | |d 20070126 00:00:00 |a cmena | ||
| 260 | |a Ciudad de México |b Pearson Educación |c 2007 | ||
| 650 | 0 | |a Contabilidad |9 261430 | |
| 650 | 0 | |a Auditoría |9 307008 | |
| 650 | 0 | |a Administración financiera |9 261146 | |
| 650 | 0 | |a Estados de cuentas |9 352305 | |
| 650 | 0 | |a Planificación estratégica |9 259735 | |
| 650 | 0 | |a Cambio organizacional |9 260741 | |
| 650 | 0 | |a Toma de decisiones |9 257530 | |
| 583 | |a last modification |c 20070126 00:00:00 |k Rodrigo Vera | ||
| 999 | |c 324560 |d 324558 | ||
| 952 | |0 0 |1 0 |4 0 |6 657_450000000000000_FRA_2007 |7 0 |8 A |9 404823 |a BIBENE |b BIBENE |d 2019-11-22 |i 4321782 |o 657.45 FRA 2007 |p 4321782 |r 2025-01-15 |w 2019-11-22 |y BK |k ICO | ||
| 952 | |0 0 |1 0 |4 0 |6 657_450000000000000_FRA_2007 |7 0 |8 A |9 404824 |a BIBENE |b BIBENE |d 2019-11-22 |i 4394593 |o 657.45 FRA 2007 |p 4394593 |r 2025-01-15 |w 2019-11-22 |y BK |k ICO | ||